000 02128nam0a22003011 4500
001 rc\4437980
005 20260407165806.0
021 _aRU
_b[65-65967]
035 _a(NLR Aleph) 008579723
090 _a8577346
_c8577346
100 _a20130416d1965 |||y0rusy50 ca
101 0 _arus
102 _aRU
105 _aa z |||||
200 1 _aИзменение почв при окультуривании, их классификация и диагностика
_eМатериалы Междунар. науч.-метод. совещания науч. учреждений соц. стран, состоявшегося в г. Москве 20-26 мая 1964 г.
_f[Отв. ред.: действ. чл. Акад. наук Тадж. ССР проф. И.Н. Антипов-Каратаев, д-р с.-х. наук С.И. Долгов]
_gМ-во сел. хозяйства. Всесоюз. ордена Ленина акад. с.-х. наук им. В.И. Ленина. Почв. ин-т им. В.В. Докучаева
210 _aМосква
_cКолос
_d1965
215 _a339 с.
_cил.
_d21
606 _aПочвы
_xОккультуривание
_jСборники
_2psbo
606 _aПочвы
_yСтраны социалистического лагеря
_2psbo
702 1 _aДолгов
_bС.И.
_4340
702 1 _aАнтипов-Каратаев
_bИ.Н.
_gИван Николаевич
_4340
712 0 2 _aВсесоюзная акад. с.-х. наук им. В.И. Ленина
712 1 2 _aМеждународное научно-методическое совещание научных учреждений социалистических стран по проблеме "Изменение почв при окультуривании, их классификация и диагностика как основа для разработки эффективных методов повышения плодородия почв"
_f1964
_eМосква
_3RU\NLR\AUTH\8810105484
_9711302
801 0 _aRU
_bNLR
_gpsbo
801 1 _aRU
_bELAR
_2rusmarc
852 _aNLR
_j65-3/4340
942 _cBOOK
980 _aNB